Inderbir SIngh's Textbook of Human Histology (Record no. 32877)

MARC details
000 -LEADER
fixed length control field 00409nam a22001697a 4500
003 - CONTROL NUMBER IDENTIFIER
control field SGT
020 ## - INTERNATIONAL STANDARD BOOK NUMBER
International Standard Book Number 9789356968127
082 ## - DEWEY DECIMAL CLASSIFICATION NUMBER
Classification number 611
Item number I25K
100 ## - MAIN ENTRY--PERSONAL NAME
Personal name K. Pushpalatha
245 ## - TITLE STATEMENT
Title Inderbir SIngh's Textbook of Human Histology
250 ## - EDITION STATEMENT
Edition statement 11th Ed.
260 ## - PUBLICATION, DISTRIBUTION, ETC. (IMPRINT)
Place of publication, distribution, etc New Delhi, India
Name of publisher, distributor, etc Jaypee Publishers
Year of Publication 2025
300 ## - PAGE DESCRIPTION
No. of Pages 351
650 ## - SUBJECT ADDED ENTRY--TOPICAL TERM
Topical term or geographic name as entry element Histology/Anatomy
700 ## - ADDED ENTRY--PERSONAL NAME
Personal name Bhat, Deepa
942 ## - ADDED ENTRY ELEMENTS (KOHA)
Source of classification or shelving scheme Dewey Decimal Classification
Koha item type Books
Holdings
Withdrawn status Lost status Source of classification or shelving scheme Damaged status Use restrictions Not for loan Home library Current library Shelving location Date acquired Vendor Name Cost, normal purchase price SGTU Bill Number Full call number Accession No. (Barcode) Date last seen Bill Date Koha item type Total Checkouts Date last borrowed
    Dewey Decimal Classification   Restricted Access Not For Loan SGT Dental Library SGT Dental Library Reference Book 24/10/2025 Ahuja Book Co. Pvt. Ltd. 995.00 SGTU 21713 611 I25K FD10048 24/10/2025   Books    
    Dewey Decimal Classification       SGT Dental Library SGT Dental Library Text Book 24/10/2025 Ahuja Book Co. Pvt. Ltd. 995.00 SGTU 21713 611 I25K FD10049 20/11/2025   Books 1 17/11/2025
    Dewey Decimal Classification       SGT Dental Library SGT Dental Library Text Book 24/10/2025 Ahuja Book Co. Pvt. Ltd. 995.00 SGTU 21713 611 I25K FD10050 24/10/2025   Books    
    Dewey Decimal Classification       SGT Dental Library SGT Dental Library Text Book 24/10/2025 Ahuja Book Co. Pvt. Ltd. 995.00 SGTU 21713 611 I25K FD10051 24/10/2025   Books    
    Dewey Decimal Classification       SGT Dental Library SGT Dental Library Text Book 24/10/2025 Ahuja Book Co. Pvt. Ltd. 995.00 SGTU 21713 611 I25K FD10052 24/10/2025   Books    
    Dewey Decimal Classification       SGT Dental Library SGT Dental Library Text Book 24/10/2025 Ahuja Book Co. Pvt. Ltd. 995.00 SGTU 21713 611 I25K FD10053 24/10/2025   Books    
    Dewey Decimal Classification       SGT Dental Library SGT Dental Library Text Book 24/10/2025 Ahuja Book Co. Pvt. Ltd. 995.00 SGTU 21713 611 I25K FD10054 10/04/2026   Books 1 06/04/2026
    Dewey Decimal Classification       SGT Dental Library SGT Dental Library Text Book 24/10/2025 Ahuja Book Co. Pvt. Ltd. 995.00 SGTU 21713 611 I25K FD10055 10/04/2026   Books 1 27/03/2026
    Dewey Decimal Classification       SGT Dental Library SGT Dental Library Text Book 24/10/2025 Ahuja Book Co. Pvt. Ltd. 995.00 SGTU 21713 611 I25K FD10056 06/04/2026   Books 1 06/04/2026
    Dewey Decimal Classification       SGT Dental Library SGT Dental Library Text Book 24/10/2025 Ahuja Book Co. Pvt. Ltd. 995.00 SGTU 21713 611 I25K FD10057 16/04/2026   Books 1 03/04/2026